Miasta z drapaczami chmur w Europie - Statystyki

Ogólne statystyki
  • Ten quiz został rozwiązany 32 razy
  • Średni wynik to 15 z 27
Statystyki odpowiedzi
Ilość drapaczy chmur Miasto % Poprawnych
15 Londyn
100%
13 Warszawa
100%
36 Moskwa
97%
2 Barcelona
93%
5 Madryt
93%
15 Paryż
93%
1 Sankt Petersburg
90%
1 Rzym
83%
2 Kijów
79%
1 Wrocław
76%
3 Mediolan
72%
3 Wiedeń
72%
22 Stambuł
69%
13 Frankfurt nad Menem
55%
1 Manchester
52%
1 Turyn
52%
1 Gdańsk
48%
2 Lyon
48%
1 Kolonia
34%
1 Bratysława
24%
3 Rotterdam
21%
1 Malmö
10%
1 Rzeszów
10%
3 Benidorm
3%
1 Bilbao
3%
1 Bonn
3%
1 Sarajewo
3%
Nie znaleziono quizów pasujących do podanych kryteriów
Rozkład punktacji
Procent ludzi z każdym wynikiem
Percentyl według liczby udzielonych odpowiedzi
Twoja historia wyników
Nie rozwiązałeś tego quizu